| 000 | 00820cab a2200253 4500 | ||
|---|---|---|---|
| 001 | WB3212-46 | ||
| 008 | 090401t1996 xxu||||| |||| 00| 0 eng d | ||
| 035 | _a(Sirsi) u56755 | ||
| 041 | _aeng | ||
| 245 | _aChestertons sold for £8m | ||
| 260 | _c1996 | ||
| 350 | _a0 | ||
| 490 |
_aFinancial Times _v16&17 March 1996, 5 |
||
| 490 |
_aProperty Week _v54(12) 21 March 1996, 12(2) |
||
| 520 | _aChestertons Residential has been reunited with Chesterton International for £8m. This is the third recent sale by a financial institution of its estate agencies. | ||
| 650 | _aCHESTERTONS RESIDENTIAL | ||
| 650 | _aESTATE AGENCIES | ||
| 650 | _aPURCHASE | ||
| 650 | _aRESIDENTIAL AGENTS | ||
| 650 | _aSALE | ||
| 690 | _aMANAGEMENT-BUSINESS MANAGEMENT-PROFESSIONAL PRACTICE | ||
| 942 | _n0 | ||
| 948 | _c04/03/1997 | ||
| 999 |
_c34643 _d34643 |
||